000 00498nam a2200193Ia 4500
005 20250310140748.0
008 131103s9999 xx 000 0 und d
020 _cRs.8
040 _aLoreto College
041 _aEnglish
082 _a891.443
_bCHA
100 _aChakravarti, Subodh kumar
245 _aRamyani bikhsha
_cSubodh kumar Chakravorty
260 _aCalcutta
_ba Mukherjee & Co. Pvt Ltd.
_c1968
300 _a324p.
650 _aBengali fiction
850 _aLCLIB
942 _cBK
999 _c21440
_d71919